000 01727nam a2200361 a 4500
999 _c415387
_d415387
003 BLK
005 20250520135653.0
008 180408b bul|||||r ||||||| ||bul||
010 _aKNG00090583000
020 _a9786190107651
040 _aBLK
041 _aBUL
_cBUL
080 _aПсихотехника. Приложна психология. Психотестове. Консултативна психология
_b159.98
_z159.98
080 _aБезсъзнателно и подсъзнателно
_b159.964
_z159.964
100 _aУолин, Марк
_eпърви автор
_9454698
139 _aУолин, Марк
_bУ 68
245 1 0 _aНе всичко започва от теб
_bкак наследената семейна травма определя кои сме и как да променим това
_cМарк Уолин ; прев. от англ. Евелина Андонова.
257 _aBGR
260 _aСофия
_bИзток-Запад
_c2021
_9210881
_n978-619-01- ; 978-619-152- ; 978-954-321- ; 954-8945-
300 _a254 с.
_bсъс сх.
_c22 см
380 _a1
500 _aОриг. загл.: It didn't start with you / Mark Wolynn. - Речник на термините: с. 241-242. - За автора: с. 253.
650 7 _aПсихотерапия
_9168415
650 7 _aПсихотехника
_9168425
653 7 _aсемейство
_9196445
653 7 _aнаследственост
_9191796
700 _aАндонова, Евелина Огнянова
_9303278
852 _bП
_c159.9/У 68 М
942 _cKNG
_n0
_s1
_070
944 _k30570
_lМоника Янева
944 _kГГГ
_aED
_c2021-11-05
999 _d415387